[Event "5th Cesme Open 2017"]
[Site "Cesme"]
[Date "2017.06.17"]
[Round "8.1"]
[White "Sumets, Andrey"]
[Black "Quparadze, Giga"]
[Result "1/2-1/2"]
[WhiteElo "2560"]
[BlackElo "2509"]
[Annotator "TA"]
[PlyCount "28"]
[EventType "swiss"]
[EventCountry "TUR"]
[SourceTitle "playchess.com"]
[Source "ChessBase"]
[SourceQuality "1"]

{[%evp 11,14,23,20,3,-2]} 1. d4 Nf6 2. c4 e6 3. Nf3 Bb4+ 4. Bd2 a5 5. g3 d5 6. Qc2 c5 7. dxc5 {E11: Bogo-Indian} d4 {Predecessor:} 8. Bg2 $146 Nc6 9. O-O O-O 10. Bg5 e5 11. Nbd2 h6 12. Bxf6 Qxf6 13. Ne4 Qe7 14. Ne1 f5 {1-0 (40) Bellahcene,B (2486)-Fridman,D (2594) Nancy 2017} 1/2-1/2

[Event "5th Cesme Open 2017"]
[Site "Cesme"]
[Date "2017.06.17"]
[Round "8.2"]
[White "Solodovnichenko, Yuri"]
[Black "Rasulov, Vugar"]
[Result "1-0"]
[WhiteElo "2583"]
[BlackElo "2508"]
[Annotator "TA"]
[PlyCount "107"]
[EventType "swiss"]
[EventCountry "TUR"]
[SourceTitle "playchess.com"]
[Source "ChessBase"]
[SourceQuality "1"]

{[%evp 13,107,81,152,147,139,140,133,151,139,146,143,141,141,161,164,166,158,148,151,143,127,117,146,133,152,156,213,188,198,183,205,207,231,233,237,262,450,425,425,423,419,436,421,426,421,415,450,435,427,405,361,356,368,323,362,359,342,331,311,299,375,375,379,326,326,326,466,411,399,252,267,0,665,665,665,665,665,665,658,658,658,658,650,495,650,558,650,625,625,625,29971,29973,29975,29975,29980,29981]} 1. e4 d6 2. d4 Nf6 3. Nc3 e5 4. Nf3 {[%cal Bg1f3,Bf3g5,Bg5e6][%mdl 32]} Nbd7 5. Bc4 Be7 6. a4 a5 {C41: Philidor Defence} (6... O-O 7. O-O a5 8. Qe2 c6 9. Rd1 Qc7 10. Ba2 exd4 11. Nxd4 Re8 12. Bf4 Ne5 13. h3 Bf8 14. Bg5 Qe7 15. f4 Ng6 16. f5 Ne5 17. Kh1 b6 {0-1 (42) Demchenko,A (2629)-Jobava,B (2713) Minsk 2017}) 7. Ng5 O-O {LiveBook: 4 Games} (7... d5 $142 8. Bxd5 (8. exd5 O-O $16) 8... Nxd5 9. Nxd5 O-O) 8. Bxf7+ $1 $16 Rxf7 {White is clearly better.} 9. Ne6 $1 {[%cal Re6d8]} Qe8 {...Bd8 is the strong threat.} 10. Nxc7 Qd8 11. Nxa8 b6 12. Nb5 $1 {Black must now prevent Nac7.} Ne8 $146 ({Predecessor:} 12... Nxe4 13. O-O exd4 14. Nac7 {1-0 (22) Belenkaya,D (2213)-Lacroix,R (2234) Condom 2015}) 13. dxe5 Nxe5 14. Be3 $1 {[%cal Bc1e3,Be3d4,Bd4c3][%mdl 32]} Nc4 15. Bd4 $1 {Threatens to win with 0-0.} Be6 16. Nxb6 Nxb6 17. b3 Nd7 18. O-O Ne5 19. Bc3 g5 (19... Bg5 $16) 20. Nd4 Bd7 21. Qd2 Qa8 22. Rae1 g4 23. f4 ({Don't do} 23. Bxa5 $6 Nf6 $16) 23... gxf3 24. Nxf3 Bf6 $2 (24... Ng6 {was worth a try.} 25. Ng5 (25. Bxa5 Nf6 $18) 25... Qa7+ 26. Kh1 Bxg5 27. Qxg5 Bc6 28. Bxa5 Rf2 29. Rxf2 Qxf2) 25. Nxe5 $18 dxe5 {[#]} 26. Bxe5 $1 {[%mdl 512]} Qa7+ (26... Bxe5 27. Rxf7) 27. Kh1 {Strongly threatening Bxf6.} Bxe5 28. Rxf7 Kxf7 29. Qd5+ Kg6 {Hoping for ...Qf2.} 30. Qxe5 Qf2 {[%cal Rf2e1]} 31. Rd1 Nf6 32. Qd4 ({Resist} 32. Qxa5 Qxc2 33. Qe1 Be6 $18) 32... Qxc2 33. Rf1 Qc6 34. e5 Ne4 35. Re1 Bf5 36. Kg1 h5 37. b4 axb4 38. Qxb4 h4 39. a5 {[%cal Ba4a5,Ba5a6][%mdl 32]} Qd5 (39... Kh5 {was necessary.} 40. Rf1 Be6) 40. a6 Kh5 41. Rf1 Be6 {intending ...h3.} 42. Qf8 $2 (42. h3 $1 $18 Bxh3 43. Qb2) 42... h3 $2 {[%mdl 8192] [#]} (42... Qd4+ $11 43. Kh1 Bc4) 43. Qf3+ $1 Kg6 {[#]} 44. Re1 $1 {[%cal Re1e4]} Ng5 45. Qxd5 Bxd5 46. Rd1 Bxg2 47. a7 Kf5 48. Kf2 Ne6 49. Rc1 Ng5 50. Rc8 Ne4+ 51. Ke3 Ng3 52. Rg8 {White mates.} Nf1+ 53. Kf2 Nxh2 54. Rxg2 {Precision: White = 89%, Black = 44%.} 1-0

[Event "5th Cesme Open 2017"]
[Site "Cesme"]
[Date "2017.06.17"]
[Round "8.3"]
[White "Maghalashvili, Davit"]
[Black "Nevednichy, Vladislav"]
[Result "1/2-1/2"]
[WhiteElo "2490"]
[BlackElo "2533"]
[Annotator "TA"]
[PlyCount "34"]
[EventType "swiss"]
[EventCountry "TUR"]
[SourceTitle "playchess.com"]
[Source "ChessBase"]
[SourceQuality "1"]

{[%evp 21,34,21,27,8,15,8,11,1,10,-9,0,-2,0,-10,0]} 1. d4 d5 2. c4 e6 3. Nc3 Nf6 4. cxd5 exd5 5. Bg5 Be7 6. e3 c6 7. Bd3 Nbd7 8. Qc2 Nh5 9. Bxe7 Qxe7 10. Nge2 Nb6 11. O-O g6 {LiveBook: 50 Games. D36: Queen's Gambit Declined: Exchange Variation: Main line (5 Bg5 c6 6 Qc2)} 12. Rae1 O-O {The position is equal.} 13. Nc1 Ng7 14. f3 {[%cal Bf2f3,Bf3e4][%mdl 32]} Bf5 15. e4 dxe4 16. fxe4 Be6 {[#]} 17. N1e2 $146 ({Predecessor:} 17. N3e2 Rad8 18. a3 f5 19. e5 Nd5 {½-½ (35) Riazantsev,A (2646)-Kasimdzhanov,R (2704) Berlin 2015}) 17... Rad8 1/2-1/2

[Event "5th Cesme Open 2017"]
[Site "Cesme"]
[Date "2017.06.17"]
[Round "8.4"]
[White "Shanava, Konstantine"]
[Black "Gleizerov, Evgeny"]
[Result "1/2-1/2"]
[WhiteElo "2516"]
[BlackElo "2507"]
[Annotator "TA"]
[PlyCount "29"]
[EventType "swiss"]
[EventCountry "TUR"]
[SourceTitle "playchess.com"]
[Source "ChessBase"]
[SourceQuality "1"]

{[%evp 12,26,-1,-10,-4,-8,-2,-8,0,0,-3,-6,-8,-8,-8,-27,-8]} 1. e4 e6 2. d4 d5 3. Nd2 Nf6 4. Bd3 c5 5. c3 cxd4 6. cxd4 dxe4 7. Nxe4 Nxe4 {C05: French Tarrasch: 3...Nf6 4 e5 Nfd7, 5 f4 and 5 Bd3 sidelines} (7... Bd7 8. Nc3 Bc6 9. Nf3 Nbd7 10. O-O Be7 11. Qe2 O-O 12. Ne5 Nxe5 13. dxe5 Nd5 14. Rd1 g6 15. Bd2 {0-1 (51) Heberla,B (2531)-Vallejo Pons,F (2689) Germany 2016}) 8. Bxe4 Bb4+ 9. Bd2 Bxd2+ {The position is equal.} 10. Qxd2 Nd7 11. Ne2 Nf6 12. Bf3 O-O 13. Nc3 Qb6 {Predecessor:} 14. O-O $146 Rd8 15. Rfd1 {0-1 (43) Zude,A (2431)-Eingorn,V (2567) Bad Wiessee 2011} 1/2-1/2

[Event "5th Cesme Open 2017"]
[Site "Cesme"]
[Date "2017.06.17"]
[Round "8.5"]
[White "Baklan, Vladimir"]
[Black "Morchiashvili, Bachana"]
[Result "1/2-1/2"]
[WhiteElo "2606"]
[BlackElo "2403"]
[Annotator "TA"]
[PlyCount "195"]
[EventType "swiss"]
[EventCountry "TUR"]
[SourceTitle "playchess.com"]
[Source "ChessBase"]
[SourceQuality "1"]

{[%evp 12,194,22,19,27,16,32,29,36,40,34,42,43,44,47,35,48,20,22,0,0,0,12,12,12,12,12,12,12,12,12,12,19,18,32,19,14,5,58,47,55,50,74,45,94,104,89,91,108,104,133,124,147,139,228,204,204,189,210,0,0,0,0,0,0,0,0,0,19,0,0,0,7729,0,0,0,0,0,0,0,0,0,0,0,0,0,0,0,0,0,1487,0,0,0,0,0,0,0,0,0,0,0,0,0,0,0,0,0,0,0,0,0,0,0,0,0,0,0,0,0,0,0,0,0,0,0,0,0,0,0,0,0,0,0,0,0,0,0,0,0,0,0,0,0,0,0,0,0,0,0,0,0,0,0,0,0,0,0,0,0,0,0,0,0,0,0,0,0,0,0,0,0,0,0,0,0,0,0,0,0,0,0,0,0,0]} 1. e4 c5 2. Nf3 d6 3. d4 cxd4 4. Nxd4 Nf6 5. Nc3 a6 6. h3 e5 7. Nde2 h5 {B90: Sicilian Najdorf: Unusual White 6th moves, 6 Be3 Ng4 and 6 Be3 e5} 8. g3 Be7 9. Bg2 b5 {White has an edge.} 10. Nd5 Nbd7 11. Nxe7 Qxe7 12. Bg5 Bb7 13. Nc3 Rc8 14. O-O Qe6 15. Re1 {[#]} b4 $146 16. Nd5 Nxd5 (16... Bxd5 $5 17. exd5 Qf5 $11) 17. exd5 Qf5 18. Bd2 Qxc2 ({But not} 18... Rxc2 $2 19. Be4 $16) 19. Bxb4 Qxd1 $1 20. Raxd1 Ke7 21. f4 {[#] Black must now prevent fxe5.} f6 22. h4 Rc2 23. Ba3 Nc5 24. Rf1 g6 (24... e4 $11) 25. Rc1 $36 {[%mdl 2048] White is pushing.} Rxg2+ 26. Kxg2 Bxd5+ 27. Kg1 Nd3 28. Rc7+ Ke6 29. fxe5 Nxe5 30. b3 g5 31. hxg5 fxg5 {[#]} 32. Bb2 $1 h4 (32... Be4 $16 33. Rg7 g4) 33. Bxe5 $18 dxe5 {[%mdl 4096] Endgame KRR-KRB} 34. Rcf7 {[%csl Gf7][%cal Rf1f6]} Kd6 35. Rf8 $2 (35. R7f6+ $18 Be6 36. Rg6) 35... Rxf8 $11 36. Rxf8 {Strongly threatening gxh4.} hxg3 {KR-KB} 37. Rf6+ Kc5 38. Rf5 Kd4 39. Rxg5 g2 40. Kf2 {Threatens to win with Rg6.} a5 41. Rg7 Bc6 $2 {[%mdl 8192]} (41... Kc3 $11) 42. Rg3 $2 (42. Ra7 $18 Bf3 43. Rxa5) 42... Bd5 43. Rg5 Bc6 44. Rg7 {Hoping for Ra7.} Kd3 45. Rg6 Bb7 $1 46. Rd6+ Kc3 47. Re6 Kd4 48. Rg6 {aiming for Rg7.} Kc3 49. Rg7 (49. Rb6 $5 {[%cal Rb6b7]} Bf3 50. Re6 $11) 49... Bd5 50. Re7 Kd4 $2 {[%mdl 8192]} (50... Bxb3 $11 51. axb3 Kxb3) 51. Rd7 $2 (51. Ra7 $18 a4 52. Rxa4+ Kd3 53. Ra7) 51... Kc5 $1 {The position is equal.} 52. Ra7 Kb4 $1 53. Re7 a4 54. bxa4 (54. Kg1 {keeps more tension.} axb3 55. axb3 Bxb3) 54... Kxa4 55. Rxe5 (55. Ra7+ {looks sharper.} Kb4 56. Kg1 Bc6 57. a3+ Kb3 58. Ra5) 55... Bxa2 (55... g1=B+ {is more complex.} 56. Kxg1 Bxa2 57. Re3 Bd5 58. Re8 Kb3) 56. Kxg2 Ka3 57. Kf3 Kb2 58. Ke3 Bb1 59. Kd2 Ba2 60. Rb5+ Ka1 61. Kc2 Bf7 62. Rg5 Be6 63. Re5 Bf7 64. Re7 Bg6+ 65. Kb3 (65. Kc1 $5 {[%cal Re7a7]} Ka2 66. Rb7 $11) 65... Bf5 66. Re1+ Bb1 67. Kc3 Ka2 68. Re2+ Ka1 69. Rf2 Ba2 70. Kc2 {Rf1+ would kill now.} Bb1+ 71. Kb3 Be4 72. Rf4 Bd5+ 73. Kc2 Bg8 74. Rh4 Bf7 75. Rh6 Bd5 76. Rd6 Bf7 77. Rd1+ Ka2 78. Rd7 {[%cal Rd7a7]} Bg6+ 79. Kc3 Bf5 80. Rd2+ Ka1 81. Rf2 Bh7 82. Rh2 Bg6 83. Rh6 Bb1 84. Kb3 {Intending Ra6+ and mate.} Ba2+ 85. Ka3 Bb1 86. Rf6 Ba2 87. Rf2 Bb1 88. Kb3 Bh7 89. Ra2+ Kb1 90. Rg2 {[%cal Rg2g1]} Ka1 91. Rg5 Be4 92. Ra5+ Kb1 93. Re5 Bc2+ 94. Kc3 {White wants to mate with Re1+.} Bg6 95. Rb5+ Ka1 96. Rg5 Bb1 97. Ra5+ Ba2 98. Kc2 $2 {[%mdl 8192] Precision: White = 64%, Black = 73%.} (98. Ra3) 1/2-1/2

[Event "5th Cesme Open 2017"]
[Site "Cesme"]
[Date "2017.06.17"]
[Round "8.6"]
[White "Benidze, Davit"]
[Black "Khamrakulov, Djurabek"]
[Result "1-0"]
[WhiteElo "2525"]
[BlackElo "2478"]
[Annotator "TA"]
[PlyCount "69"]
[EventType "swiss"]
[EventCountry "TUR"]
[SourceTitle "playchess.com"]
[Source "ChessBase"]
[SourceQuality "1"]

{[%evp 18,69,43,22,49,37,47,44,50,47,69,69,117,102,145,145,131,23,34,31,34,28,124,118,172,146,139,141,143,138,142,156,169,145,131,118,341,337,400,392,391,318,366,360,361,352,1046,914,1677,1198,29992,29993,29993,29994]} 1. d4 d5 {[%cal Bd7d5,Bd5c4][%mdl 32]} 2. c4 dxc4 3. Nf3 Nf6 4. Nc3 c6 5. a4 Bf5 6. e3 {[%cal Be2e3,Be3e4][%mdl 32]} e6 7. Bxc4 Nbd7 8. O-O Be7 9. Qe2 O-O 10. e4 {LiveBook: 3 Games. D18: Slav Defence: 5 a4 Bf5 6 e3} (10. h3 Ne4 11. Bd3 Ndf6 12. Ne5 c5 13. Qc2 Nxc3 14. bxc3 cxd4 15. Bxf5 exf5 16. cxd4 f4 17. exf4 Qxd4 {½-½ (50) Grigorov,G (2482)-Vasilev,M (2477) Borovetz 2008}) 10... Bg4 11. Rd1 Qa5 12. h3 {White is slightly better.} Bxf3 13. Qxf3 e5 $146 ({Predecessor:} 13... b5 14. Bd3 b4 15. Ne2 e5 16. Bc4 exd4 17. Nxd4 Ne5 {0-1 (29) Thuroczy,B (2020)-Vasvari,T (2246) Nyiregyhaza 1999}) 14. d5 Nb6 {[#]} 15. d6 $1 {[%cal Rd6e7]} Bxd6 16. Rxd6 Ne8 ({Don't go for} 16... Nxc4 $2 17. Rxf6 Rad8 18. Qg4) 17. b4 (17. Rd3 $16 Nxc4 18. b3) 17... Qxb4 $11 18. Ba3 Qxc4 19. Rdd1 {Strongly threatening a5.} c5 (19... Nf6 $1 $11 {remains equal.}) 20. Rac1 $16 f6 (20... Kh8 $16) 21. Nd5 $36 {[%mdl 2048] White is on the roll.} Qxa4 {Threatens to win with ...Nxd5.} 22. Bxc5 Nxd5 23. Bxf8 Nf4 {[#]} 24. Bc5 $1 {[%mdl 1024] White has strong compensation.} b6 25. Be3 Ne6 26. Qe2 Kf7 $2 (26... N8c7 $16 {was worth a try.} 27. Rd6 Re8) 27. Rc4 $18 Qb5 28. Qa2 Kg6 29. Rd5 Nc5 30. Bxc5 bxc5 31. Rcxc5 ({But not} 31. Rdxc5 Qb7 $18) 31... Qb6 $2 (31... Qb7 32. Qa4 h6) 32. Rc3 h6 33. Rd7 Rd8 34. Rg3+ Kh7 35. Qf7 {Precision: White = 85%, Black = 27%.} 1-0

[Event "5th Cesme Open 2017"]
[Site "Cesme"]
[Date "2017.06.17"]
[Round "8.7"]
[White "Guseynov, Alihan"]
[Black "Haznedaroglu, Kivanc"]
[Result "1/2-1/2"]
[WhiteElo "2346"]
[BlackElo "2501"]
[Annotator "TA"]
[PlyCount "98"]
[EventType "swiss"]
[EventCountry "TUR"]
[SourceTitle "playchess.com"]
[Source "ChessBase"]
[SourceQuality "1"]

{[%evp 17,98,66,63,56,53,60,79,25,30,37,75,83,134,133,132,0,0,0,0,0,80,79,90,0,52,58,88,70,131,34,39,45,145,135,138,123,118,70,60,53,86,86,86,87,117,102,88,5,10,5,5,5,6,9,237,237,209,106,96,2,252,249,240,0,0,0,0,0,0,0,0,0,0,0,0,0,0,0,0,0,0,0,0]} 1. d4 {[%cal Bd2d4,Bd4e5][%mdl 32]} Nf6 2. c4 e5 3. dxe5 Ng4 4. Bf4 g5 5. Bg3 Bg7 6. Nf3 Nc6 7. Nc3 Ngxe5 8. Nxe5 Nxe5 9. e3 d6 10. h4 {A52: Budapest Gambit} g4 11. h5 (11. Be2 Be6 12. Rc1 O-O 13. b3 c6 14. h5 f5 15. h6 {0-1 (27) Wojtaszek,R (2711)-Jobava,B (2710) Wijk aan Zee 2014}) 11... h6 12. Be2 (12. Bh4 $16 Qd7 13. Nd5) 12... Be6 $11 13. Nd5 c6 {[#]} 14. Bh4 $1 {[%cal Rh4d8]} Qa5+ $146 (14... f6 $142 15. Nf4 Qd7) ({Predecessor:} 14... f6 15. Nf4 Qd7 16. Qc2 O-O-O 17. O-O Qf7 {1-0 (37) Jirka,J (2406)-Svoboda,V (2266) Czechia 2010}) 15. b4 $16 Qa3 16. Nf6+ (16. Nc7+ $16 Kd7 17. Nxe6 (17. Nxa8 Qxb4+ 18. Kf1 Bxc4 $11) 17... Qc3+ 18. Kf1 fxe6 19. Rc1) 16... Bxf6 $1 $11 17. Bxf6 Qxb4+ 18. Kf1 $1 O-O (18... Rg8 $1 $11) 19. Rb1 $36 {[%mdl 2048] White has strong initiative.} Qc5 {[#]} 20. Be7 (20. Rh4 $1 $16) 20... Nxc4 ({Better is} 20... Bxc4 $11 21. Bxf8 Bxe2+ 22. Qxe2 Rxf8) 21. Bxf8 $14 Kxf8 22. Rxb7 g3 (22... Qe5 $14) 23. Qd4 (23. Rh4 $16) 23... Qxd4 24. exd4 Nd2+ (24... Re8 $1 $14) 25. Ke1 $16 Ne4 26. f3 Nf6 27. Kd2 Bxa2 28. Ra1 Bd5 29. Rbxa7 Rxa7 30. Rxa7 Nxh5 {[%mdl 4096] Endgame KRB-KBN} 31. Ke3 Kg7 32. Rd7 (32. Bd3 $16) 32... Kf6 33. Rxd6+ Kg5 34. Rd8 {And now Rg8+ would win.} f5 35. Rd7 {Black should prevent Rc7.} f4+ $2 (35... Be6 $1 $11 {and Black has nothing to worry.} 36. Rd6 Nf4) 36. Kd2 $18 Kf6 37. Rh7 ({White has to play} 37. Rd6+ $18 Kg5 38. Rd7) 37... Ng7 $16 38. Bd3 (38. Rxh6+ $16 Kg5 39. Rh1) 38... h5 $2 (38... Nf5 $11 {and Black is okay.}) 39. Rh6+ $18 Ke7 40. Be4 $2 ({White should play} 40. Kc2 $18) 40... Bxe4 $1 $11 {The position is equal.} 41. fxe4 {aiming for Ke2. KR-KN} Ne6 {White must now prevent ...f3.} 42. d5 cxd5 43. exd5 Nd4 $1 44. Ke1 (44. Rxh5 $5 {[%cal Rd2d3]} f3 45. Rh7+ Kf6 46. Rh3 $11) 44... Nf5 45. Rxh5 Ne3 46. Re5+ Kd6 47. Rxe3 fxe3 48. Ke2 Kxd5 49. Kxe3 Ke5 {Precision: White = 41%, Black = 51%.} 1/2-1/2

[Event "5th Cesme Open 2017"]
[Site "Cesme"]
[Date "2017.06.17"]
[Round "8.8"]
[White "Ulybin, Mikhail"]
[Black "Ozen, Bahadir"]
[Result "1-0"]
[WhiteElo "2499"]
[BlackElo "2332"]
[Annotator "TA"]
[PlyCount "93"]
[EventType "swiss"]
[EventCountry "TUR"]
[SourceTitle "playchess.com"]
[Source "ChessBase"]
[SourceQuality "1"]

{[%evp 15,93,12,7,-15,21,20,23,12,22,-9,-11,-35,0,0,16,-8,0,-18,46,23,14,23,30,19,32,36,42,37,135,128,109,106,112,111,151,176,154,153,155,109,102,89,93,51,129,132,135,130,317,354,355,348,342,338,564,562,29995,511,489,400,518,492,1034,1029,12830,2681,12837,12837,12838,12837,12839,12839,12840,12841,12842,12842,12846,12846,12849,12850]} 1. d4 d6 2. Nf3 g6 3. e4 Bg7 4. c3 Nf6 5. Bd3 O-O 6. O-O Nc6 7. Bg5 h6 8. Bh4 e5 9. Nbd2 {B07: Pirc Defence: Miscellaneous Systems} Qe8 (9... a5 10. Qc2 exd4 11. Nxd4 Bd7 12. Nxc6 bxc6 13. f4 Qb8 14. Kh1 a4 15. Rae1 {½-½ (54) So,W (2815)-Giri,A (2785) chess.com INT 2017}) 10. dxe5 (10. Bxf6 $5 Bxf6 11. d5 $14) 10... dxe5 11. Re1 {White has an edge.} (11. Bxf6 $5 Bxf6 12. Qe2 $11) 11... Nh5 12. b4 f6 $146 ({Predecessor:} 12... Nf4 13. Bf1 Bg4 14. h3 Be6 15. Nb3 g5 16. Bg3 {1-0 (62) Rahman,Z (2511)-Shashikant,K (2356) Mumbai 2008}) 13. Nf1 Nd8 {[%cal Bc6d8,Bd8f7,Bf7e5][%mdl 32]} 14. Ne3 Nf7 15. Bg3 c6 16. Nh4 Nf4 (16... Kh7 $11) 17. Bxf4 (17. Bc2 {is interesting.} Kh7 18. Nef5 Qd7 19. Bxf4 Qxd1 20. Raxd1 exf4 21. Ne7) 17... exf4 18. Nxg6 {Threatens to win with Nf5.} fxe3 19. Rxe3 Ne5 20. Nxf8 Qxf8 21. Bc2 f5 (21... a5 $14) 22. Bb3+ $16 Kh7 23. exf5 Bxf5 {[#]} 24. Qe2 $1 Qf6 25. Re1 Ng6 {[#]} 26. g3 $1 Qg5 27. Re8 Rxe8 28. Qxe8 {[%csl Gb3][%cal Re8g8]} h5 29. Qf7 Kh6 ({Black should try} 29... Qf6 $14) 30. Re3 $36 {[%mdl 2048] Black is under strong pressure.} ({Much weaker is} 30. Qxb7 $6 Bxc3 31. Rd1 Bg4 $11) 30... Ne5 31. Qxb7 Nf3+ $2 (31... Qd8 $16) 32. Rxf3 $18 Qc1+ 33. Kg2 Be4 34. Qf7 ({Resist} 34. Qxa7 Qxc3 35. Bd1 Bd5) 34... Bxf3+ $2 (34... Qg5 {might work better.} 35. Bd1 Bd5 36. Qxa7 Qd2) 35. Qxf3 Qxc3 36. Qxc3 (36. Qf4+ $142 Kh7 37. Qf5+ Kh6 38. Bf7 Qf3+ 39. Kxf3 Bh8 40. Qg6#) 36... Bxc3 {[%mdl 4096] Endgame KB-KB} 37. Ba4 Bxb4 38. Bxc6 {White is clearly winning.} h4 (38... Kg7 $142 39. f4 Kf6) 39. f4 hxg3 40. hxg3 a5 41. Kf3 Kg6 42. g4 {[%cal Bg3g4,Bg4g5][%mdl 32]} Bd2 43. a4 Bc1 44. g5 Ba3 45. Kg4 Be7 46. f5+ {[%cal Bf4f5,Bf5f6][%mdl 32]} Kg7 47. f6+ {Precision: White = 57%, Black = 21%.} 1-0

[Event "5th Cesme Open 2017"]
[Site "Cesme"]
[Date "2017.06.17"]
[Round "8.9"]
[White "Sadikhov, Ulvi"]
[Black "Bashirli, Nail"]
[Result "1-0"]
[WhiteElo "2483"]
[BlackElo "2345"]
[Annotator "TA"]
[PlyCount "61"]
[EventType "swiss"]
[EventCountry "TUR"]
[SourceTitle "playchess.com"]
[Source "ChessBase"]
[SourceQuality "1"]

{[%evp 15,61,33,43,0,10,2,16,14,9,17,16,24,23,0,0,8,22,0,37,-20,0,0,0,2,26,41,37,34,47,24,97,72,200,185,404,402,826,810,1074,1065,1065,933,29985,5181,29997,29998,29998,29999]} 1. e4 {[%cal Be2e4,Be4e5][%mdl 32]} Nf6 2. e5 Nd5 3. d4 d6 4. c4 Nb6 5. exd6 cxd6 {[%cal Bc7d6,Bd6d5][%mdl 32]} 6. Nc3 g6 7. Be3 Bg7 8. Rc1 O-O 9. h3 {B03: Alekhine's Defence: Four Pawns Attack} (9. b3 Bf5 10. d5 e5 11. dxe6 Bxe6 12. Nge2 d5 13. c5 Nc6 14. Nd4 Bxd4 15. Bxd4 Re8 16. cxb6 Qh4 17. Ne2 axb6 {1-0 (38) Xiong,J (2618)-Kamsky,G (2678) Saint Louis 2016}) 9... d5 10. c5 Nc4 11. Bxc4 $1 {The position is equal.} dxc4 12. Nge2 Bf5 13. b3 cxb3 $146 ({Predecessor:} 13... Bd3 14. bxc4 Bxc4 15. O-O Nc6 16. Qa4 Bxe2 17. Nxe2 {1-0 (35) Atabayev,Y (2453)-Bashirli,N (2387) Baku 2016}) 14. axb3 Nc6 15. O-O Nb4 16. Qd2 b6 17. g4 (17. Bh6 $14) 17... Be6 18. Nf4 bxc5 19. d5 {[%cal Bd4d5,Bd5d6][%mdl 32]} Bd7 20. Bxc5 a5 21. Ne4 Re8 22. Rfe1 $36 {[%mdl 2048] White has some pressure.} Qb8 (22... Bb5 $11 {keeps the balance.}) 23. d6 $1 $16 {[%cal Rd6e7]} e5 {[#]} (23... e6 $16 {was worth a try.}) 24. Bxb4 $1 $18 exf4 $2 (24... Qxb4 {was called for.} 25. Qxb4 axb4) 25. Bc3 Qxb3 (25... Bxc3 $142 26. Rxc3 Re6 27. Qxf4 Qb4) 26. Bxg7 {Hoping for Bc3.} Qxh3 {[#]} 27. Nf6+ $1 Kxg7 28. Qd4 Rxe1+ 29. Rxe1 {Intending Nh5+ and mate.} Bc6 30. Nh5+ Kh6 31. Qxf4+ {Precision: White = 61%, Black = 25%.} 1-0

[Event "5th Cesme Open 2017"]
[Site "Cesme"]
[Date "2017.06.17"]
[Round "8.10"]
[White "Malakhatko, Vadim"]
[Black "Chighladze, Iveri"]
[Result "1/2-1/2"]
[WhiteElo "2518"]
[BlackElo "2326"]
[Annotator "TA"]
[PlyCount "63"]
[EventType "swiss"]
[EventCountry "TUR"]
[SourceTitle "playchess.com"]
[Source "ChessBase"]
[SourceQuality "1"]

{[%evp 27,63,33,42,-18,-12,-78,-14,0,0,0,0,4,7,0,0,0,0,0,0,0,0,0,0,0,0,0,1,0,0,0,2,0,0,0,0,0,0,0]} 1. c4 e6 2. g3 d5 3. Bg2 Nf6 4. Nf3 Be7 5. O-O O-O 6. d4 dxc4 7. Ne5 Nc6 8. Nxc6 bxc6 9. Na3 Bxa3 10. bxa3 Rb8 {E05: Open Catalan: 5 Nf3 Be7} (10... Ba6 11. Qd2 Rb8 12. Qa5 Rb6 13. a4 Qd6 14. Qc3 Rd8 15. Ba3 Qxd4 16. Qxd4 Rxd4 17. Bc5 Rd5 18. Bxd5 cxd5 19. Bxb6 axb6 {½-½ (33) Wojtaszek,R (2746)-Jakovenko,D (2714) Germany 2016}) 11. Qa4 Qxd4 12. Be3 Qb2 13. Qxc4 Nd5 14. Bxa7 Ra8 {LiveBook: 5 Games} 15. Bc5 (15. Bd4 $14 Qb5 16. Qc2) 15... Ba6 $11 16. Qh4 {[#]} (16. Qe4 $11) 16... Rfb8 $146 (16... Rfe8 $1 $17) ({Predecessor:} 16... Rfe8 17. Rfe1 Bxe2 18. Rac1 {1-0 (29) Nester,I (2293)-Zavgorodniy,S (2407) Kharkov 2002}) 17. Rfe1 {The position is equal.} Bxe2 18. Bd4 Qb5 19. Bxd5 Qxd5 ({Not} 19... exd5 $2 20. Qg5 $18) 20. Rxe2 {[#] Strongly threatening Qg4.} Ra4 $1 {[%cal Ra4d4]} 21. Rd2 $1 {aiming for Rad1.} g5 $1 {[%cal Rg5h4]} 22. Qh6 {[%csl Gd4][%cal Rh6g7]} ({Much weaker is} 22. Qg4 c5 $17) 22... Rxd4 23. Rxd4 Qxd4 24. Qxg5+ {[%mdl 4096] Endgame KQR-KQR} Qg7 (24... Kf8 $5 {[%cal Rd4a1]} 25. Qh6+ Kg8 26. Qg5+ Qg7 $11) 25. Qc1 Qb2 26. a4 c5 27. Qe1 Qb4 28. Qc1 Qb2 29. Qxb2 Rxb2 30. a3 Rb3 31. Kf1 Kf8 32. Rc1 {Precision: White = 61%, Black = 73%.} 1/2-1/2